Toutes les équipes ayant participé à la Coupe des Confédérations - Statistiques

Statistiques générales
  • Ce quiz a été pris 41 fois
  • Le résultat moyen est 29 sur 33
Statistiques - réponses
Réponse % Correct
France
100%
Australie
100%
Brésil
100%
Mexique
100%
États-Unis
100%
Portugal
97%
Allemagne
97%
Japon
97%
Nouvelle-Zélande
97%
Argentine
95%
Chili
95%
Colombie
95%
Espagne
95%
Italie
92%
Cameroun
92%
Canada
89%
Égypte
89%
Corée du Sud
89%
Turquie
89%
Côte d'Ivoire
87%
Russie
87%
Arabie saoudite
87%
Afrique du Sud
87%
Tunisie
87%
Uruguay
87%
Danemark
79%
Grèce
76%
Nigeria
71%
Bolivie
68%
Irak
66%
Tchéquie
61%
Émirats arabes unis
61%
Tahiti
58%
Aucun quiz correspondant
Distribution des résultats
% des personnes avec chaque résultat
Percentile par nombre de réponses
Votre historique - résultats
Vous n’avez pas pris ce quiz